000 00762nam a2200193 i 4500
001 120733
003 ES-MaACL
005 20240222171358.0
007 t|
008 070214s1905 sp |||| | spa d
080 _a821.134.2 Cervantes Saavedra, Miguel de 7 Novelas ejemplares.07
100 1 _aPrado y Palacio, José del.
_993628
245 1 0 _aDiscurso del Excmo, Sr. D. José del Prado y Palacio sobre las `Novelas ejemplares` del inmortal Cervantes en ocasión de celebrarse en Jaén su tercer centenario, mayo 1905.
260 _aMadrid :
_b[s.n.],
_c1905 (
_fM. Romero)
300 _a16 p. ;
_c22 cm.
600 1 7 _aCervantes Saavedra, Miguel de,
_d1547-1616.
_tNovelas ejemplares
_2
_9161883
852 _aES-MaACL
_j2203-F-15
999 _c120733
_d120733